Lazos visibles, senderos posibles : (Registro nro. 4634)
[ vista simple ]
| 000 -LEADER | |
|---|---|
| fixed length control field | 01185nam a2200253Ia 4500 |
| 003 - CONTROL NUMBER IDENTIFIER | |
| control field | OSt |
| 005 - DATE AND TIME OF LATEST TRANSACTION | |
| control field | 20200317100854.0 |
| 008 - FIXED-LENGTH DATA ELEMENTS--GENERAL INFORMATION | |
| fixed length control field | 191128s2003 ck ad gr 000 0 spa d |
| 020 ## - INTERNATIONAL STANDARD BOOK NUMBER | |
| International Standard Book Number | 9589307523 |
| 040 ## - CATALOGING SOURCE | |
| Original cataloging agency | CO-JMCR |
| Transcribing agency | CO-JMCR |
| 082 04 - DEWEY DECIMAL CLASSIFICATION NUMBER | |
| Classification number | 303.409861 / |
| Item number | C355l |
| 100 1# - MAIN ENTRY--PERSONAL NAME | |
| Personal name | Castro García, Lourdes, |
| Relator term | autora |
| 9 (RLIN) | 1616 |
| 245 10 - TITLE STATEMENT | |
| Title | Lazos visibles, senderos posibles : |
| Remainder of title | El impacto del plan Colombia en la región Andina ; realidades y desafíos para la Unión Europea / |
| Statement of responsibility, etc. | Lourdes Castro García |
| 260 ## - PUBLICATION, DISTRIBUTION, ETC. | |
| Place of publication, distribution, etc. | Bogotá : |
| Name of publisher, distributor, etc. | Asociación Latinoamericana de Organizaciones de promoción, |
| Date of publication, distribution, etc. | 2003 |
| 300 ## - PHYSICAL DESCRIPTION | |
| Extent | 193 páginas : |
| Other physical details | ilustraciones, gráficos a blanco y negro ; |
| Dimensions | 24 cm |
| 300 ## - PHYSICAL DESCRIPTION | |
| Other physical details | |
| 501 ## - WITH NOTE | |
| With note | notas a pie de páginas. |
| 504 ## - BIBLIOGRAPHY, ETC. NOTE | |
| Bibliography, etc. note | Bibliografía : páginas 185-193. |
| 505 ## - FORMATTED CONTENTS NOTE | |
| Formatted contents note | La integración Andina -- Plan Colombia e iniciativa regional Andina -- Acuerdo de libre comercio -- Hacia un involucramiento estratégico de la UE en la región Andina -- La sociedad civil y la construcción de una agenda democrática Andina -- |
| 546 ## - LANGUAGE NOTE | |
| Language note | spa |
| 650 14 - SUBJECT ADDED ENTRY--TOPICAL TERM | |
| Topical term or geographic name entry element | Impacto plan Colombia Región Andina |
| 9 (RLIN) | 1617 |
| 650 24 - SUBJECT ADDED ENTRY--TOPICAL TERM | |
| Topical term or geographic name entry element | Acuedos |
| Form subdivision | Plan Colombia |
| 9 (RLIN) | 1618 |
| 942 ## - ADDED ENTRY ELEMENTS (KOHA) | |
| Source of classification or shelving scheme | Dewey Decimal Classification |
| Koha item type | Books |
| Withdrawn status | Lost status | Source of classification or shelving scheme | Materials specified (bound volume or other part) | Damaged status | Not for loan | Home library | Current library | Date acquired | Source of acquisition | Cost, normal purchase price | Total Checkouts | Full call number | Barcode | Date last seen | Copy number | Price effective from | Koha item type |
|---|---|---|---|---|---|---|---|---|---|---|---|---|---|---|---|---|---|
| Dewey Decimal Classification | Donación--18/07/2019-- | Biblioteca Pública José María del Castillo y Rada | Biblioteca Pública José María del Castillo y Rada | 11/28/2019 | Donación | 0.00 | 303.409861 / C355l | 201809576 | 05/16/2024 | Ej.1 | 11/28/2019 | Books |